Las ideas pedagógicas del Dr. Pedro López de Montoya (Record no. 79493)

MARC details
000 -LEADER
campo de control de longitud fija 00809nam a2200205 i 4500
001 - NÚMERO DE CONTROL
campo de control 79493
003 - IDENTIFICADOR DE NÚMERO DE CONTROL
campo de control ES-MaACL
005 - FECHA Y HORA DE LA ÚLTIMA TRANSACCIÓN
campo de control 20250829124026.0
007 - CAMPO FIJO DE DESCRIPCIÓN FÍSICA--INFORMACIÓN GENERAL
campo de control de longitud fija t|
008 - DATOS DE LONGITUD FIJA--INFORMACIÓN GENERAL
campo de control de longitud fija 041021s1947 sp f |||| |dspa d
100 1# - ENTRADA PRINCIPAL--NOMBRE DE PERSONA
Nombre de persona Hernández Rodríguez, Emilio.
9 (RLIN) 63040
245 14 - MENCIÓN DEL TÍTULO
Título Las ideas pedagógicas del Dr. Pedro López de Montoya
Resto del título : comentario a nuestra pedagogía del s.XVI /
Mención de responsabilidad, etc. por Emilio Hernández Rodríguez.
260 ## - PUBLICACIÓN, DISTRIBUCIÓN, ETC.
Lugar de publicación, distribución, etc. Madrid :
Nombre del editor, distribuidor, etc. [s.n.,
Fecha de publicación, distribución, etc. 1947] (
Fabricante Orbe)
300 ## - DESCRIPCIÓN FÍSICA
Extensión 419 p., 4 lám. ;
Dimensiones 22 cm.
594 ## - Nota al título y mención de responsabilidad
Nota al título y mención de responsabilidad Precede al tít.: Consejo Superior de Investigaciones Científicas. Instituto San José de Calasanz de Pedagogía.
600 14 - PUNTO DE ACCESO ADICIONAL DE MATERIA--NOMBRE DE PERSONA
Nombre de persona López de Montoya, Pedro.
9 (RLIN) 163178
710 2# - ENTRADA AGREGADA--NOMBRE DE ENTIDAD CORPORATIVA
Nombre de entidad corporativa o nombre de jurisdicción como elemento de entrada Instituto San José de Calasanz de Pedagogía
9 (RLIN) 163009
852 ## - LOCALIZACIÓN
Ubicación ES-MaACL
Número de control de estantería C-4385
Holdings
Estatus retirado Estado de pérdida Estado de daño No para préstamo Biblioteca de origen Biblioteca actual Ubicación en estantería Fecha de adquisición Fuente de adquisición Total de préstamos Signatura topográfica completa Código de barras Visto por última vez Precio de reemplazo Tipo de ítem Koha
        Biblioteca del Ateneo de Madrid Biblioteca del Ateneo de Madrid Sala Palomar 17/01/2008     C-4385 1083127 23/02/2023 23/02/2023 Libro impreso